Marína

Podrobná bibliografia
Hlavný autor: Sládkovič, Andrej, 1820-1872 (Autor)
Ďalší autori: Broz, Agát (Ilustrátor)
Médium: Kniha
Jazyk:slovenčina
Fyzický popis:141 strán 15 cm
Vydavateľské údaje: [Banská Štiavnica] Marína a Sládkovič, n.o. 2019
ISBN:9788097340438
Vydanie:Prvé vydanie
Predmet:

MARC

LEADER 00000cam a2200000 4500
001 vtls012023895
003 SK-MaSNL
005 20260301020046.0
008 210419s2019 xo a gr 000 p slo
015 |a SNBA2021/06 
020 |a 9788097340438  |q (brožované) 
040 |a SNK  |b slo  |c SNK  |e rda 
041 0 |a slo 
044 |a xo  |c SK 
072 7 |a 821.162.4-1  |x Slovenská poézia  |2 konspekt 
080 |a 821.162.4-1  |2 2011 
080 |a (0:82-146.2)  |2 2011 
100 1 |a Sládkovič, Andrej,  |d 1820-1872  |4 aut  |9 17115 
245 1 0 |a Marína  |c Andrej Sládkovič ; s ilustráciami Agát Broz 
246 1 4 |a Sládkovičova soMarína 
250 |a Prvé vydanie 
264 1 |a [Banská Štiavnica]  |b Marína a Sládkovič, n.o.  |c 2019 
300 |a 141 strán  |c 15 cm 
336 |a text  |b txt  |2 rdacontent 
337 |a bez média  |b n  |2 rdamedia 
338 |a zväzok  |b nc  |2 rdacarrier 
500 |a Miesto vydania podľa NA ISBN 
500 |a Od apríla 2017 je zapísaná aj ako oficlálny svetový rekord vo World Record Academy 
655 7 |a slovenská poézia  |2 SNKPH  |9 70444 
655 7 |a ľúbostná poézia  |2 SNKPH  |9 70633 
655 7 |a Slovak poetry  |2 SNKPHeng  |9 265010 
655 7 |a Love poetry  |2 SNKPHeng  |9 306830 
700 1 |a Broz, Agát  |4 ill  |9 306831 
919 |a 978-80-973404-3-8 
958 |a LX 
999 |c 562149  |d 564079 
952 |a SNK  |b SNK  |y PREZ  |7 0  |p 17A1451722  |o snkSE 13950  |i snk2021/3126  |8 0  |0 0  |1 0  |4 0  |d 2021-04-19  |f 1  |l 0  |r 2026-02-23 13:46:21  |w 2026-02-23 
952 |a SNK  |b SNK  |y VYP  |7 0  |p 17A1451723  |o snkSE 13950 D1  |i snk2021/3127  |8 0  |0 0  |1 0  |4 0  |d 2021-04-19  |l 0  |r 2026-02-23 13:46:21  |w 2026-02-23